| 000 | 00000nam 2200000zi 4500 |
| 001 | 9.912542 |
| 003 | CaOODSP |
| 005 | 20240102145531 |
| 006 | m o d f |
| 007 | cr cn||||||||| |
| 008 | 220621t20222022abc o f000 0 eng d |
| 020 | |a9780660441696 |
| 040 | |aCaOODSP|beng|erda|cCaOODSP |
| 043 | |an-cn--- |
| 086 | 1 |aNE23-208/2022E-PDF |
| 245 | 00|aAnnual public opinion research measures 2022 : |bfinal report / |cprepared for Canada Energy Regulator. |
| 264 | 1|a[Calgary] : |bCanada Energy Regulator = Régie de l'énergie du Canada, |c2022. |
| 264 | 4|c©2022 |
| 300 | |a1 online resource (64 pages) |
| 336 | |atext|btxt|2rdacontent |
| 337 | |acomputer|bc|2rdamedia |
| 338 | |aonline resource|bcr|2rdacarrier |
| 500 | |aIssued also in French under title: Mesures de recherche annuelle sur l'opinion publique de 2022 : rapport final. |
| 500 | |a"Supplier name: Environics Research." |
| 500 | |a"Contract number: 84084-210186/001/CY." |
| 500 | |a"Registration number: POR 086-21." |
| 500 | |a"March 2022." |
| 610 | 20|aCanada Energy Regulator|xPublic opinion. |
| 650 | 0|aPublic opinion|zCanada. |
| 710 | 2 |aCanada Energy Regulator, |eissuing body. |
| 710 | 2 |aEnvironics Research Group, |econsultant. |
| 775 | 08|tMesures de recherche annuelle sur l'opinion publique de 2022 : |w(CaOODSP)9.912543 |
| 794 | |tAnnual public opinion research measures 2023 : |w(CaOODSP)9.924972 |
| 795 | |tAnnual public opinion research measures 2021 : |w(CaOODSP)9.897864 |
| 856 | 40|qPDF|s877 KB|uhttps://publications.gc.ca/collections/collection_2024/rec-cer/NE23-208-2022-eng.pdf |